000 00856nam a2200205Ia 4500
999 _c45541
_d45541
001 12366
003 GE_BSU
005 20221116115924.0
008 181216s2003||||ge |||||||||||||| ||geo||
040 _cGE_BSU
041 _ageo
080 _a343(075.8) დ-11
100 _aდაუთაშვილი, პეტრე
_97857
245 _aსისხლის სამართალი :
_bზოგადი ნაწილი /
_cპეტრე დაუთაშვილი; [რედ.: გურამ ქარქაშაძე].
264 _aთბილისი :
_bიურიდიული აზრი,
_c2003.
300 _a175 გვ.;
_b21 სმ.
653 _aსისხლის სამართალი
700 _aქარქაშაძე, გურამ
_eრედაქტორი
_9467
942 _cBK
_2udc